| 000 | 00563nam a2200205Ia 4500 | ||
|---|---|---|---|
| 999 |
_c9904 _d9904 |
||
| 008 | 200103s 1972 ||||xx |||||||||||||| ||und|| | ||
| 020 | _a0713122706 | ||
| 082 |
_a537 _bBEN |
||
| 100 | _aBennet, George A. G. | ||
| 245 | 0 | _aElectricity and modern physics: m.k.s. version | |
| 260 |
_bEnglish Language Book Society _c1972 _aLondon |
||
| 300 | _axv, 400 p.: ill. | ||
| 440 | _aELBS low-priced editions | ||
| 504 | _aIncludes index | ||
| 650 | _aElectricity | ||
| 650 | _aPhysics | ||
| 650 | _aMagnetism | ||
| 650 | _aNuclear physics | ||
| 942 | _cBK | ||